[Event "RUS-chT Blitz"]
[Site "Sochi"]
[Date "2022.10.17"]
[Round "1.14"]
[White "Tsydypov, Zhamsaran"]
[Black "Sutormin, Danila"]
[Result "1-0"]
[WhiteElo "2534"]
[BlackElo "2353"]
[PlyCount "47"]
[EventDate "2022.10.17"]
[EventType "team-swiss (blitz)"]
[EventRounds "13"]
[EventCountry "RUS"]
[SourceTitle "CBM 210 Extra"]
[Source "ChessBase"]
[SourceDate "2022.11.30"]
[SourceVersion "1"]
[SourceVersionDate "2022.11.30"]
[SourceQuality "1"]
[WhiteTeam "Vologodsk Region"]
[BlackTeam "Moscow Severnyy Kharakter"]
[WhiteTeamCountry "RUS"]
[BlackTeamCountry "RUS"]

1. c4 Nf6 2. Nc3 g6 3. g3 Bg7 4. Bg2 0-0 5. e3 c6 6. Nge2 d5 7. b3 Bf5 8. d4 Qd7 9. 0-0 Bh3 10. Ba3 Bxg2 11. Kxg2 Re8 12. Rc1 Na6 13. cxd5 Nxd5 14. Kg1 Rad8 15. Na4 e5 16. dxe5 Bxe5 17. Qe1 Qh3 18. Rc4 Qf5 19. e4 Qf3 20. exd5 Bd6 21. Bxd6 Rxe2 22. Qd1 Rxd6 23. Nc3 cxd5 24. Rc8+ 1-0

[Event "RUS-ch Rapid"]
[Site "Sochi"]
[Date "2022.10.16"]
[Round "10"]
[White "Alekseev, Evgeny V"]
[Black "Sutormin, Danila"]
[Result "1-0"]
[WhiteElo "2575"]
[BlackElo "2353"]
[PlyCount "81"]
[EventDate "2022.10.15"]
[EventType "swiss (rapid)"]
[EventRounds "11"]
[EventCountry "RUS"]
[SourceTitle "CBM 210 Extra"]
[Source "ChessBase"]
[SourceDate "2022.11.30"]
[SourceVersion "1"]
[SourceVersionDate "2022.11.30"]
[SourceQuality "1"]

1. e4 c5 2. Nf3 e6 3. d4 cxd4 4. Nxd4 Nc6 5. Nc3 Qc7 6. g4 a6 7. Be3 b5 8. Nxc6 Qxc6 9. Qd2 Bb7 10. 0-0-0 b4 11. Ne2 Nf6 12. f3 d5 13. e5 Nd7 14. Bd4 a5 15. Kb1 Ba6 16. Ng3 a4 17. f4 b3 18. cxb3 axb3 19. a3 Be7 20. Bxa6 Qxa6 21. f5 Nb6 22. Bxb6 Qxb6 23. Nh5 g6 24. Nf6+ Bxf6 25. exf6 Kd7 26. fxe6+ fxe6 27. Qh6 Rag8 28. Rhf1 Qd6 29. Rd3 Qa6 30. Rff3 Qc4 31. Rxb3 Qxg4 32. Ka2 g5 33. f7 Rf8 34. Qf6 Qe4 35. Rb7+ Kd6 36. Rb6+ Kd7 37. Rfb3 d4 38. Rb7+ Kd6 39. Qe7+ Ke5 40. Qxg5+ Kd6 41. R3b6+ 1-0

[Event "RUS-ch Rapid"]
[Site "Sochi"]
[Date "2022.10.16"]
[Round "7"]
[White "Ponkratov, Pavel"]
[Black "Sutormin, Danila"]
[Result "1-0"]
[WhiteElo "2593"]
[BlackElo "2353"]
[PlyCount "77"]
[EventDate "2022.10.15"]
[EventType "swiss (rapid)"]
[EventRounds "11"]
[EventCountry "RUS"]
[SourceTitle "CBM 210 Extra"]
[Source "ChessBase"]
[SourceDate "2022.11.30"]
[SourceVersion "1"]
[SourceVersionDate "2022.11.30"]
[SourceQuality "1"]

1. d4 Nf6 2. c4 g6 3. Nc3 Bg7 4. e4 d6 5. h3 0-0 6. Be3 Na6 7. Bd3 e5 8. d5 Nc5 9. Bc2 a5 10. Nge2 c6 11. 0-0 cxd5 12. cxd5 Bd7 13. a4 Ne8 14. Rb1 Nc7 15. b4 axb4 16. Rxb4 N7a6 17. Rb2 f5 18. exf5 gxf5 19. f4 Qa5 20. Nb5 exf4 21. Bd4 Be5 22. Nxf4 Nb4 23. Nxd6 Bxd6 24. Qh5 Nxc2 25. Qg5+ Kf7 26. Rxc2 Ne4 27. Qh5+ Kg8 28. Re2 Rf7 29. Rxe4 fxe4 30. Qg5+ Kf8 31. Ne6+ Bxe6 32. Qh6+ Ke8 33. Qxe6+ Re7 34. Qxd6 Rd8 35. Qg3 Qxd5 36. Bf6 Qc5+ 37. Kh1 Rf7 38. Qg4 Qc4 39. Qg8+ 1-0

[Event "Cheliabinsk Panchenko Memorial op-A"]
[Site "Cheliabinsk"]
[Date "2022.09.20"]
[Round "9"]
[White "Kuzmin, Roman"]
[Black "Sutormin, Danila"]
[Result "1-0"]
[WhiteElo "2284"]
[BlackElo "2362"]
[PlyCount "61"]
[EventDate "2022.09.12"]
[EventType "swiss"]
[EventRounds "10"]
[EventCountry "RUS"]
[SourceTitle "CBM 210 Extra"]
[Source "ChessBase"]
[SourceDate "2022.11.30"]
[SourceVersion "1"]
[SourceVersionDate "2022.11.30"]
[SourceQuality "1"]

1. e4 c5 2. Nf3 e6 3. d4 cxd4 4. Nxd4 Nc6 5. Nc3 Qc7 6. Be3 a6 7. Qd2 Nf6 8. 0-0-0 Be7 9. f3 b5 10. Kb1 0-0 11. g4 Nxd4 12. Qxd4 b4 13. Ne2 Bb7 14. g5 Ne8 15. h4 Rc8 16. Rd2 d5 17. e5 Qb8 18. Qf4 d4 19. Bxd4 Nc7 20. Nc1 Nd5 21. Qg3 Nc3+ 22. Ka1 Bd5 23. h5 Nxa2 24. Nxa2 b3 25. c3 a5 26. Bd3 bxa2 27. Bxh7+ Kh8 28. g6 f5 29. h6 Qb7 30. hxg7+ Kxg7 31. Qf4 1-0

[Event "Cheliabinsk Panchenko Memorial op-A"]
[Site "Cheliabinsk"]
[Date "2022.09.19"]
[Round "8"]
[White "Sutormin, Danila"]
[Black "Sheremetev, Vladislav"]
[Result "1-0"]
[WhiteElo "2362"]
[BlackElo "2010"]
[PlyCount "63"]
[EventDate "2022.09.12"]
[EventType "swiss"]
[EventRounds "10"]
[EventCountry "RUS"]
[SourceTitle "CBM 210 Extra"]
[Source "ChessBase"]
[SourceDate "2022.11.30"]
[SourceVersion "1"]
[SourceVersionDate "2022.11.30"]
[SourceQuality "1"]

1. e4 c5 2. Nf3 e6 3. c3 d5 4. e5 d4 5. Bd3 Nc6 6. 0-0 Nge7 7. Qe2 Qc7 8. Qe4 Ng6 9. Re1 Be7 10. Na3 0-0 11. h4 Rd8 12. h5 Nf8 13. h6 gxh6 14. b4 b6 15. bxc5 bxc5 16. Qf4 Ng6 17. Qxh6 dxc3 18. Nb5 Qa5 19. Nd6 Ncxe5 20. Nxe5 Rxd6 21. Nxg6 fxg6 22. Bxg6 hxg6 23. Qxg6+ Kf8 24. dxc3 Bd8 25. Bh6+ Ke7 26. Bg5+ Kd7 27. Qh7+ Kc6 28. Qe4+ Rd5 29. c4 Bd7 30. Red1 Kc7 31. cxd5 exd5 32. Qxd5 1-0

[Event "Cheliabinsk Panchenko Memorial op-A"]
[Site "Cheliabinsk"]
[Date "2022.09.18"]
[Round "7"]
[White "Yagupov, Igor"]
[Black "Sutormin, Danila"]
[Result "1-0"]
[WhiteElo "2270"]
[BlackElo "2362"]
[PlyCount "111"]
[EventDate "2022.09.12"]
[EventType "swiss"]
[EventRounds "10"]
[EventCountry "RUS"]
[SourceTitle "CBM 210 Extra"]
[Source "ChessBase"]
[SourceDate "2022.11.30"]
[SourceVersion "1"]
[SourceVersionDate "2022.11.30"]
[SourceQuality "1"]

1. e4 c5 2. Nf3 e6 3. d4 cxd4 4. Nxd4 Nc6 5. Nc3 Qc7 6. Be3 a6 7. Qd2 Nf6 8. 0-0-0 Be7 9. f3 b5 10. Nxc6 dxc6 11. g4 e5 12. Qf2 0-0 13. Bb6 Qb7 14. Bc5 Be6 15. Be2 a5 16. a4 Bxc5 17. Qxc5 Nd7 18. Qd6 b4 19. Nd5 cxd5 20. exd5 Bxg4 21. fxg4 Nf6 22. Rhe1 Rad8 23. Qxe5 Rfe8 24. Qg3 Ne4 25. Qf4 Nd6 26. Bf3 Qd7 27. b3 Re7 28. Re2 Rxe2 29. Bxe2 Qe7 30. Bb5 h6 31. Bc6 Rf8 32. Rd3 f5 33. Re3 Qf6 34. Qe5 Qxe5 35. Rxe5 fxg4 36. Bd7 Rf4 37. Re6 Ne4 38. Bb5 Nc3 39. d6 Rd4 40. Bd3 Kf7 41. Re5 Rxd6 42. Rxa5 g5 43. Rf5+ Ke6 44. Rf8 Kd5 45. a5 Kc5 46. a6 Kb6 47. Rb8+ Ka7 48. Rb7+ Ka8 49. Kd2 Ne4+ 50. Ke3 Nc5 51. Rxb4 Nxd3 52. cxd3 Rxa6 53. Ra4 Kb7 54. Rxa6 Kxa6 55. Ke4 Kb5 56. Kf5 1-0

[Event "RUS-ch Higher League 75th"]
[Site "Obninsk"]
[Date "2022.07.02"]
[Round "6"]
[White "Sutormin, Danila"]
[Black "Kotenko, Pavel"]
[Result "1/2-1/2"]
[WhiteElo "2382"]
[BlackElo "2323"]
[PlyCount "83"]
[EventDate "2022.06.26"]
[EventType "swiss"]
[EventRounds "9"]
[EventCountry "RUS"]
[SourceTitle "CBM 209 Extra"]
[Source "ChessBase"]
[SourceDate "2022.09.30"]
[SourceVersion "1"]
[SourceVersionDate "2022.09.30"]
[SourceQuality "1"]

1. e4 e5 2. Nf3 Nc6 3. Bb5 a6 4. Ba4 Nf6 5. 0-0 Be7 6. Re1 b5 7. Bb3 d6 8. a4 Bd7 9. Nc3 Na5 10. Ba2 b4 11. Nd5 Nxd5 12. Bxd5 c6 13. Ba2 c5 14. Bd5 Rb8 15. d3 0-0 16. Be3 Be6 17. Bxe6 fxe6 18. Nd2 Kh8 19. Qh5 Qe8 20. Qg4 Rf6 21. h4 Qd7 22. c3 bxc3 23. bxc3 Rff8 24. Rab1 Bf6 25. Nf3 Nc6 26. h5 h6 27. Nd2 Na5 28. Qg6 Qe7 29. Rf1 Rfc8 30. Qg4 Rf8 31. Qg6 Rfc8 32. Qg4 Rf8 33. Rfc1 Qf7 34. Nf3 Nc6 35. Rf1 Qe7 36. Qg6 Rfc8 37. Nh2 Qe8 38. Qg4 Qe7 39. g3 Rf8 40. Qg6 Qe8 41. Rxb8 Qxb8 42. Qg4 1/2-1/2

[Event "RUS-ch Higher League 75th"]
[Site "Obninsk"]
[Date "2022.06.29"]
[Round "4"]
[White "Sutormin, Danila"]
[Black "Paravyan, David"]
[Result "0-1"]
[WhiteElo "2382"]
[BlackElo "2620"]
[PlyCount "86"]
[EventDate "2022.06.26"]
[EventType "swiss"]
[EventRounds "9"]
[EventCountry "RUS"]
[SourceTitle "CBM 209 Extra"]
[Source "ChessBase"]
[SourceDate "2022.09.30"]
[SourceVersion "1"]
[SourceVersionDate "2022.09.30"]
[SourceQuality "1"]

1. e4 e5 2. Nf3 Nc6 3. Bb5 a6 4. Ba4 Nf6 5. 0-0 Be7 6. Re1 b5 7. Bb3 0-0 8. a4 b4 9. d4 d6 10. dxe5 dxe5 11. Qxd8 Rxd8 12. Nbd2 h6 13. h3 Bd6 14. a5 Kf8 15. Bc4 Bb7 16. b3 Na7 17. Bb2 Nb5 18. Bd3 Nd7 19. Nc4 f6 20. Nxd6 Nxd6 21. Bc1 Rac8 22. Ra4 c5 23. Ra1 Nb8 24. Nd2 Nc6 25. Bb2 Rc7 26. f3 Rcd7 27. Kf2 Ke7 28. Ke3 Nd4 29. Bxd4 cxd4+ 30. Kf2 Rb8 31. f4 Rc7 32. fxe5 fxe5 33. Kg3 Rc5 34. Nc4 Nxc4 35. Bxc4 Rc6 36. Rf1 Rg6+ 37. Kh4 Rxg2 38. Rf7+ Kd6 39. Raf1 Bxe4 40. Ra7 Ra8 41. Rxa8 Bxa8 42. Rf8 Bb7 43. Rf7 Bc6 0-1